000168038 001__ 168038
000168038 005__ 20260123152959.0
000168038 0247_ $$2doi$$a10.1016/j.ricma.2016.02.004
000168038 0248_ $$2sideral$$a147576
000168038 037__ $$aART-2016-147576
000168038 041__ $$aspa
000168038 100__ $$aPérez, M.
000168038 245__ $$aEstudio de las unidades neurofuncionales del flexor carpi ulnaris y su utilidad en las transferencias tendinosas
000168038 260__ $$c2016
000168038 5060_ $$aAccess copy available to the general public$$fUnrestricted
000168038 5203_ $$aObjetivos: Este trabajo pretende documentar la inervación intramuscular del flexor carpi ulnaris (FCU), su vascularización, y su consecuente organización en unidades neurofuncionales. Así mismo, se discute la relevancia de dichas unidades en la realización de transferencias tendinosas de este músculo con su tendón dividido. Aunque en algunos centros ya se ha puesto en práctica la idea de dividir el tendón, hay pocos trabajos en la literatura que demuestren fotográficamente el sustrato anatómico subyacente.Material y métodos: Se tiñeron según la técnica de Sihler 6 FCU extraídos de cadáveres humanos criopreservados. Para estudiar su vascularización, en 5 de ellos se inyectó el árbol arterial con látex negro.Resultados: En todos los especímenes ambas cabezas del FCU se correspondían con dos unidades neurofuncionales que presentaban una inervación independiente (tipo iii de Taylor). Los 5 especímenes inyectados pertenecían a los tipos ii y iii de Mathes-Nahai.Conclusiones: La divisibilidad del músculo en 2 unidades neurofuncionales independientes con vascularización e inervación propia permite obtener 2 tendones transferibles a 2 músculos diferentes, optimizándose la transferencia.
000168038 540__ $$9info:eu-repo/semantics/openAccess$$aby-nc-nd$$uhttps://creativecommons.org/licenses/by-nc-nd/4.0/deed.es
000168038 655_4 $$ainfo:eu-repo/semantics/article$$vinfo:eu-repo/semantics/publishedVersion
000168038 700__ $$aEspañol, G.J.
000168038 700__ $$aMedina, D.
000168038 700__ $$0(orcid)0000-0003-1114-4045$$aBallesteros-Betancourt, J.R.
000168038 700__ $$aMartí, M.R.
000168038 773__ $$g44, 01 (2016), 002-007$$pRev. iberoam. cir. mano$$tRevista Iberoamericana de Cirugia de la Mano$$x1698-8396
000168038 8564_ $$s1189013$$uhttps://zaguan.unizar.es/record/168038/files/texto_completo.pdf$$yVersión publicada
000168038 8564_ $$s2042544$$uhttps://zaguan.unizar.es/record/168038/files/texto_completo.jpg?subformat=icon$$xicon$$yVersión publicada
000168038 909CO $$ooai:zaguan.unizar.es:168038$$particulos$$pdriver
000168038 951__ $$a2026-01-23-14:33:52
000168038 980__ $$aARTICLE